00411nam a2200109Ia 4500008004100000041000800041082000800049100004500057245013900102260005100241300000900292221007s9999 xx 000 0 und d aeng bMAD aMadhuri Ghate & [Guide Name] - C M Joshi aFinancial Analysis of Wind Turbine Installation In Selected States With Specific Reference to Polices of State Gocernments (2005-2010) cJul-15bSavitribai Phule Pune UniversityaPune a258p